| 000 | 00419cam a22001217a 4500 | ||
|---|---|---|---|
| 008 | 180718b1962 xxu||||| |||| 00| 0 eng d | ||
| 082 | _aQ433x73 C436 | ||
| 245 |
_aResearch perspectives on the unmarried mother _cby Child Welfare League of America, U.S.A. |
||
| 260 |
_aNew York _bChild Welfare League of America _c1962 |
||
| 300 | _a39p. | ||
| 650 | _aIllegitimacy - USA | ||
| 700 | _aU.S.A. Child Welfare League of America | ||
| 999 |
_c362225 _d362225 |
||